Simonite v Sheffield CC (Record no. 36007)
[ view plain ]
| 000 -LEADER | |
|---|---|
| fixed length control field | 01495cab a2200229 4500 |
| 001 - CONTROL NUMBER | |
| control field | ABS46614 |
| 008 - FIXED-LENGTH DATA ELEMENTS--GENERAL INFORMATION | |
| fixed length control field | 090401t1992 xxu||||| |||| 00| 0 eng d |
| 035 ## - SYSTEM CONTROL NUMBER | |
| System control number | (Sirsi) u58874 |
| 041 ## - LANGUAGE CODE | |
| Language code of text/sound track or separate title | eng |
| 245 ## - TITLE STATEMENT | |
| Title | Simonite v Sheffield CC |
| 260 ## - PUBLICATION, DISTRIBUTION, ETC. | |
| Date of publication, distribution, etc. | 1992 |
| 350 ## - PRICE (NR) (BK AM CF MU VM SE) [OBSOLETE] | |
| Price | 0 |
| 490 ## - SERIES STATEMENT | |
| Series statement | Rent Review & Lease Renewal |
| Volume/sequential designation | 12(3) Spring 1992, 262 |
| 520 ## - SUMMARY, ETC. | |
| Summary, etc. | ChD 29 January 1992. The plaintiffs were business tenants of market stalls in two large covered markets, whose tenancies were determined on 24 March 1986 by the defendant council by notice of termination under Landlord and Tenant Act 1954 s25. 380 similar tenancies existed in the markets. The court had to decide the amount of rent payable with a view to identifying the appropriate figures for all the remaining applications, without the necessity for each to come before the court. It was held that the open market rents should be between £7,064 and £13,990 per annum. In coming to this conclusion the valuers considered the fact that they were quarterly tenancies, that the right to assign the tenancy existed, that the council owned the sole right to conduct markets in the buildings, that the supply of stalls was not large and that no assessment should be based simply on a belief in future inflation. |
| 650 ## - SUBJECT ADDED ENTRY--TOPICAL TERM | |
| Topical term or geographic name entry element | BUSINESS TENANCIES |
| 650 ## - SUBJECT ADDED ENTRY--TOPICAL TERM | |
| Topical term or geographic name entry element | LANDLORD AND TENANT ACT 1954 S25 |
| 650 ## - SUBJECT ADDED ENTRY--TOPICAL TERM | |
| Topical term or geographic name entry element | MARKET STALLS |
| 650 ## - SUBJECT ADDED ENTRY--TOPICAL TERM | |
| Topical term or geographic name entry element | MARKETS |
| 690 ## - LOCAL SUBJECT ADDED ENTRY--TOPICAL TERM (OCLC, RLIN) | |
| Topical term or geographic name as entry element | LANDLORD AND TENANT-CASE LAW-RENT REVIEWS |
| 942 ## - ADDED ENTRY ELEMENTS (KOHA) | |
| Suppress in OPAC | 0 |
| 948 ## - LOCAL PROCESSING INFORMATION (OCLC); SERIES PART DESIGNATOR (RLIN) | |
| c (OCLC) | 04/03/1997 |
| Withdrawn status | Lost status | Source of classification or shelving scheme | Damaged status | Not for loan | Home library | Current library | Shelving location | Date acquired | Total Checkouts | Full call number | Barcode | Date last seen | Copy number | Price effective from | Koha item type |
|---|---|---|---|---|---|---|---|---|---|---|---|---|---|---|---|
| Dewey Decimal Classification | London | London | Journal article | 14/09/1999 | ABS46614 | 58874-1001 | 06/08/2019 | 1 | 06/08/2019 | Law report |